| 000 | 01055nam a2200301 c 4500 | ||
|---|---|---|---|
| 999 |
_c174608 _d174608 |
||
| 003 | BLK | ||
| 005 | 20220817085049.0 | ||
| 008 | 180411b bul|||||r ||||||| ||bul|| | ||
| 010 | _aKNG00183100000 | ||
| 040 | _aBLK | ||
| 041 |
_aBUL _cBUL |
||
| 080 |
_aБългарска литература _b821.163.2 _x-31 _z821.163.2-31 |
||
| 100 | 1 |
_aЦончев, Дончо Стефанов _eпърви автор _9367144 |
|
| 139 |
_aЦончев, Дончо Стефанов _bЦ 85 |
||
| 245 | 1 | 0 |
_aРоман на колелета _bРоман _cДончо Цончев. |
| 250 | _a2. изд. | ||
| 257 | _aBGR | ||
| 260 |
_aСофия _bМедицина и физкултура _c1974 _fПловдив : Д. Благоев |
||
| 300 |
_a108 с. _c20 см |
||
| 380 | _aX | ||
| 490 |
_aПоредица Стадион _9205577 |
||
| 500 | _a1. изд. 1970. - 19 200 тир. | ||
| 852 |
_aЦб 71613 _bЦб |
||
| 856 | 4 | _qpdf | |
| 856 | 4 | _qpdf | |
| 942 |
_cKNG _n0 _s1 |
||
| 944 |
_aCR _c02.10.2015 _kКети_Илиева |
||
| 944 |
_aED _c12.09.2017 _kВася_Ганчева |
||
| 999 | _d174608 | ||